000 00847nam a2200241 a 4500
001 000048159
005 20201002060946.0
008 181204s2012 dr a 000 0 spa d
020 _a9789945116571
040 _aDO-SdBNP
_bspa
_cBNPHU
082 _axxxx
_bP227c, 4to., 2012
100 1 _aParedes, Farah
_975623
245 1 0 _aCívica 4 :
_beducación básica /
_cFarah Paredes, Fanny Almonte Capellán; editora Fanny Capellán Almonte.
260 _aSanto Domingo :
_bSantillana,
_c2012.
300 _a2v. :
_bil., ;
_c28 cm.
490 1 _aInnova
505 0 _gv.1.
_tLibro texto --
_gv.2
_tEdición anotada para el profesor y la profesora
590 _aInventariado, 2018/MFF
700 1 _aCapellán Almonte, Fanny
_929766
700 1 _aNúñez, Ruddy,
_eil.
_923171
700 1 _aCapellán Almonte, Fanny
_eed.
_929766
830 0 _aInnova
_929570
999 _c47647
_d47647